| 000 | 00547nam a2200193Ia 4500 | ||
|---|---|---|---|
| 003 | OSt | ||
| 005 | 20200911152359.0 | ||
| 008 | 190216s9999||||xx |||||||||||||| ||und|| | ||
| 020 | _a8120306023 | ||
| 040 | _coclc | ||
| 082 |
_a537.6 _bGRI/I |
||
| 100 |
_aGriffiths, David J _94422 |
||
| 245 | 0 |
_aIntroduction To Electrodynamics / _cDavid J Griffiths |
|
| 250 | _a2nd Ed. | ||
| 260 |
_bPrentice Hall Of India, _c1997. _aNew Delhi: |
||
| 300 | _a532p | ||
| 650 | _aPhysics | ||
| 942 |
_cBK _2ddc _h537.6 _iGRI/I _k537.6 _mGRI/I |
||
| 999 |
_c33321 _d33321 |
||